| 000 | 00767nam a2200229 u 4500 | ||
|---|---|---|---|
| 001 | 000292728 | ||
| 003 | AM-YeHGA | ||
| 005 | 20250617125927.0 | ||
| 008 | 031211s2001 ai r 000 0 rus d | ||
| 020 | _a5813802738 | ||
| 040 | _aAM-YeHGA | ||
| 041 | 0 |
_arus _hger |
|
| 100 | 1 | _aКленгель-Брандт, Эвелин | |
| 245 | 1 | 0 |
_aДревний Вавилон / _cЭ. Кленгель-Брандт ; Пер. с нем.Б.М. Святского. |
| 260 |
_aСмоленск : _bРусич, _c2001. |
||
| 300 | _a362 с. | ||
| 440 | 0 | _aПопул. ист. б-ка | |
| 650 | 1 | 4 | _aИстория Вавилона |
| 653 | 0 | _aИстория древней Месопотамии | |
| 700 | 1 |
_aСвятский, Б.М. _eпер. _4trl |
|
| 090 | _c108546 | ||
| 999 |
_c107219 _d107219 |
||